Normal view MARC view
  • Dictadura

Entry Materia

Number of records used in: 1

001 - NÚMERO DE CONTROL DEL REGISTRO

  • campo de control: 59239

003 - IDENTIFICADOR DE NUMERO DE CONTROL

  • campo de control: MX-MxUPN

005 - FECHA Y HORA DE LA ÚLTIMA TRANSACCIÓN

  • campo de control: 20260410132928.0

008 - DATOS DE LONGITUD FIJA

  • campo de control de longitud fija: 260410n||acnnnbabn | ana |d

040 ## - FUENTE DE LA CATALOGACIÓN

  • Centro catalogador de origen: MX-MxUPN
  • Lengua de catalogación: spa

150 ## - ENCABEZAMIENTO - TEMÁTICO

  • Término de materia o nombre geográfico como elemento inicial: Dictadura
  • Subdivisión de materia general: Historia
  • Subdivisión cronológica: Siglo XX
  • Subdivisión geográfica: América del Sur

550 ## - VÉASE ADEMÁS - MATERIA

  • Encabezamiento temático o nombre geográfico como elemento de entrada: Dictadura
  • Subcampo de control: g

670 ## - FUENTE EN LA QUE SE LOCALIZARON DATOS

  • Cita de la fuente: Autoridades BGTQ, 10 abril 2026 :
  • Información localizada: (Dictadura -- Historia -- Siglo XX -- América del Sur)

902 ## - CATALOGADOR

  • Catalogador: JohanaAllegre/100426